| 000 | 00602nam a2200217Ia 4500 | ||
|---|---|---|---|
| 005 | 20250508163739.0 | ||
| 008 | 008 250505s9999 xx 000 0 eng d | ||
| 020 | _a81-86618-09-0 | ||
| 037 | _aTextual | ||
| 040 |
_aFEDL _beng _cFEDL |
||
| 041 |
_aeng _2eng |
||
| 084 |
_a370.193, PON _qFEDL |
||
| 100 |
_aPonnalan M. _9776176 |
||
| 245 | 0 | _aEducation and human rights | |
| 260 |
_aDelhi, India _bP. R. Books Publiations _c1999 |
||
| 300 | _axv,279p | ||
| 365 |
_aINR _b250 |
||
| 700 |
_a Ramalingam Panch. _9776177 |
||
| 942 |
_cTEXL _h370.193, PON |
||
| 999 |
_c1385043 _d1385043 |
||